000 01102nam a2200325 i 4500
005 20220316235514.0
007 ta
008 200425s2001 ck a gr 001 0 spa d
020 _a9586822710
040 _aCO-BoRNBP
_bspa
_cCO-BoRNBP
_erda
041 0 _aspa
043 _as-ck---
082 0 4 _a925.7
_bB82r
_223
100 1 _aRojo, Ariel
_eautor
245 1 3 _aEl príncipe del conocimiento
_bGeorge Louis de Buffon
_cAriel Rojo
250 _aPrimera edición
264 1 _aBogotá, Colombia
_bAlfaomega
_c2001
300 _a107 páginas
_bilustraciones
_c21 cm
336 _atexto
_btxt
_2rdacontent
337 _asin mediación
_bn
_2rdamedia
338 _avolumen
_bnc
_2rdacarrier
490 0 _aViajeros del conocimiento
500 _aIncluye índice
600 1 4 _aBuffon, Georges Louis Leclerc, Conde de
_d1707 -1788
_xBiografías
_9176378
600 1 4 _aBuffon, Georges Louis Leclerc, Conde de
_d1707 -1788
_xCrítica e interpretación
_9176379
650 1 7 _aHistoria natural
_2ARMARC
650 1 7 _aBiólogos franceses
_xBiografías
_2ARMARC
650 1 7 _aCientíficos
_2ARMARC
942 _2ddc
_cBK
999 _c1167
_d1167